[Event "?"]
[Site "ICS rated blitz match, 164.58"]
[Date "1997.??.??"]
[Round "?"]
[White "Brause"]
[Black "ryckaren"]
[Result "1-0"]
[WhiteElo "2270"]
[BlackElo "1650"]
[PlyCount "51"]

1. e4 e5 2. Nf3 Nc6 3. Nc3 Nf6 4. Nxe5 Nxe5 5. d4 Ng6 6. e5 Qe7 7. f4 d6 8. Be2
dxe5 9. fxe5 Ng4 10. O-O Qh4 11. h3 h5 12. Nb5 Kd8 13. Rxf7 Qg3 14. hxg4 hxg4
15. Nxc7 Qh2+ 16. Kf2 Be7 17. Nxa8 Bh4+ 18. Ke3 Be6 19. Qf1 Qg3+ 20. Ke4 Bxf7
21. Qxf7 Qxg2+ 22. Kd3 Ne7 23. Qe6 Qg3+ 24. Kc4 Rh6 25. Bxh6 b5+ 26. Kxb5 1-0

[Event "?"]
[Site "ICS rated blitz match, 164.58"]
[Date "1997.??.??"]
[Round "?"]
[White "Brause"]
[Black "ryckaren"]
[Result "1-0"]
[WhiteElo "2275"]
[BlackElo "1650"]
[PlyCount "49"]

1. e4 e5 2. Nf3 Nc6 3. Nc3 Nf6 4. Nxe5 Nxe5 5. d4 Ng6 6. e5 Qe7 7. f4 d6 8. Be2
dxe5 9. fxe5 Ng4 10. O-O Qh4 11. h3 h5 12. Nb5 Kd8 13. Rxf7 Qg3 14. hxg4 hxg4
15. Nxc7 Qh2+ 16. Kf2 Qh4+ 17. Ke3 Be7 18. Rxe7 Nxe7 19. Nxa8 Qg5+ 20. Kd3 Bf5+
21. Kc3 Qg6 22. d5 Kc8 23. d6 Nc6 24. Bf4 Qe6 25. Nc7 1-0

[Event "?"]
[Site "ICS rated blitz match, 164.58"]
[Date "1997.??.??"]
[Round "?"]
[White "Brause"]
[Black "ryckaren"]
[Result "1-0"]
[WhiteElo "2275"]
[BlackElo "1650"]
[PlyCount "46"]

1. e4 e5 2. Nf3 Nc6 3. Nc3 Nf6 4. Nxe5 Nxe5 5. d4 Ng6 6. e5 Qe7 7. f4 d6 8. Be2
dxe5 9. fxe5 Ng4 10. O-O Qh4 11. h3 h5 12. Nb5 Qg3 13. hxg4 hxg4 14. Nxc7+ Kd8
15. Nxa8 Qh2+ 16. Kf2 Qh4+ 17. Ke3 f5 18. Qe1 g3 19. Qa5+ Ke8 20. Qb5+ Bd7 21.
Qxb7 f4+ 22. Kd2 Qd8 23. Nc7+ Ke7 1-0

[Event "?"]
[Site "ICS rated blitz match, 164.58"]
[Date "1997.??.??"]
[Round "?"]
[White "Brause"]
[Black "ryckaren"]
[Result "1-0"]
[WhiteElo "2275"]
[BlackElo "1650"]
[PlyCount "67"]

1. e4 e5 2. Nf3 Nc6 3. Nc3 Nf6 4. Nxe5 Nxe5 5. d4 Nc6 6. d5 Bb4 7. Bg5 Ne7 8.
Bxf6 gxf6 9. Qd4 Bxc3+ 10. Qxc3 Ng6 11. O-O-O d6 12. h4 h5 13. Re1 Qe7 14. f3
Rg8 15. Kb1 Kd8 16. Qd2 Qe5 17. Re3 Qf4 18. Qd4 Nxh4 19. Rc3 Bd7 20. Qb4 b6 21.
Qc4 Rc8 22. Qe2 f5 23. Qf2 Ng6 24. g3 Qg5 25. Ba6 Rb8 26. f4 Qe7 27. exf5 Bxf5
28. Re1 Qd7 29. Qd4 Ne7 30. a4 Bg4 31. Rce3 Nf5 32. Qf6+ Ne7 33. Rxe7 Qxe7 34.
Qxe7# 1-0

[Event "?"]
[Site "ICS rated blitz match, 164.58"]
[Date "1997.??.??"]
[Round "?"]
[White "Brause"]
[Black "ryckaren"]
[Result "1-0"]
[WhiteElo "2280"]
[BlackElo "1645"]
[PlyCount "28"]

1. e4 e5 2. Nf3 Nc6 3. Nc3 Nf6 4. Nxe5 Nxe5 5. d4 Neg4 6. e5 Nxf2 7. Kxf2 Ng8
8. Bf4 d6 9. exd6 Bxd6 10. Qf3 Nf6 11. Bb5+ c6 12. Bxc6+ Kf8 13. Ba4 Bg4 14.
Qe3 Qc7 1-0

[Event "?"]
[Site "ICS rated blitz match, 164.58"]
[Date "1997.??.??"]
[Round "?"]
[White "Brause"]
[Black "ryckaren"]
[Result "1-0"]
[WhiteElo "2280"]
[BlackElo "1645"]
[PlyCount "105"]

1. e4 e5 2. Nf3 Nc6 3. Nc3 Nf6 4. Nxe5 Nxe5 5. d4 Ng6 6. e5 Qe7 7. f4 Kd8 8.
Be2 Ne8 9. f5 Nxe5 10. dxe5 Qxe5 11. O-O Bc5+ 12. Kh1 c6 13. Bg5+ f6 14. Bf4
Qe7 15. Qd3 d5 16. Rae1 Qf7 17. Bg4 h5 18. Bf3 Qd7 19. Bd1 Bd6 20. Kg1 Kc7 21.
Be3 Qf7 22. Bd4 Bb4 23. a3 Bd6 24. b4 a6 25. Bf3 Bd7 26. Na4 b5 27. Nb6 Rb8 28.
Nxd7 Kxd7 29. Re2 Bc7 30. Rfe1 Nd6 31. Rc1 Rbe8 32. Rxe8 Rxe8 33. Qd1 Nxf5 34.
Bxh5 Re1+ 35. Qxe1 Qxh5 36. Qf2 Qxh2+ 37. Kf1 Ng3+ 38. Ke1 Qh1+ 39. Qg1 Qh4 40.
Kd2 Qe4 41. Re1 Bf4+ 42. Kd1 Qf5 43. Qf2 Qg4+ 44. Qf3 Qg5 45. Bb6 Ne4 46. Rf1
Qe5 47. Qg4+ f5 48. Qxf4 Qa1+ 49. Ke2 Nc3+ 50. Kd3 Qxa3 51. Qxf5+ Ke7 52. Qf7+
Kd6 53. Bc7# 1-0

[Event "?"]
[Site "ICS rated blitz match, 164.58"]
[Date "1997.??.??"]
[Round "?"]
[White "Brause"]
[Black "ryckaren"]
[Result "1-0"]
[WhiteElo "2280"]
[BlackElo "1645"]
[PlyCount "59"]

1. e4 e5 2. Nf3 Nc6 3. Nc3 Nf6 4. Nxe5 Nxe5 5. d4 Ng6 6. e5 Qe7 7. f4 d6 8. Be2
Nd7 9. O-O dxe5 10. fxe5 Nb6 11. Bf3 c6 12. Ne4 Qd8 13. Ng5 Be6 14. Nxe6 fxe6
15. c3 Qc7 16. Qb3 Nd5 17. Qa4 Be7 18. Be4 O-O-O 19. Bxg6 hxg6 20. Qxa7 Nb6 21.
Rf7 Nd5 22. Rf1 Rh5 23. Rf7 Rdh8 24. h3 Kd7 25. Rxg7 Rf5 26. Bd2 Rhf8 27. b4
Rf2 28. Bg5 R8f7 29. Bxe7 Rxe7 30. Rxe7+ 1-0

[Event "?"]
[Site "ICS rated blitz match, 164.58"]
[Date "1997.??.??"]
[Round "?"]
[White "Brause"]
[Black "ryckaren"]
[Result "1-0"]
[WhiteElo "2280"]
[BlackElo "1645"]
[PlyCount "27"]

1. e4 e5 2. Nf3 Nc6 3. Nc3 Nf6 4. Nxe5 Nxe5 5. d4 Ng6 6. e5 Qe7 7. f4 d6 8. Be2
dxe5 9. fxe5 Nd7 10. O-O c6 11. Ne4 Qd8 12. Bc4 f6 13. exf6 Nxf6 14. Bg5 1-0

[Event "?"]
[Site "ICS rated blitz match, 164.58"]
[Date "1997.??.??"]
[Round "?"]
[White "Brause"]
[Black "ryckaren"]
[Result "1-0"]
[WhiteElo "2280"]
[BlackElo "1645"]
[PlyCount "56"]

1. e4 e5 2. Nf3 Nc6 3. Nc3 Nf6 4. Nxe5 Nxe5 5. d4 Ng6 6. e5 Qe7 7. f4 d6 8. Be2
dxe5 9. fxe5 Nd7 10. O-O Nb6 11. a4 a5 12. b3 c6 13. Ne4 Qd8 14. Ng5 Be6 15.
Bg4 Qd7 16. Bxe6 fxe6 17. Qg4 O-O-O 18. Nf7 Qxd4+ 19. Qxd4 Rxd4 20. Nxh8 Bc5
21. Be3 Rd5 22. Bxc5 Rxc5 23. Nxg6 hxg6 24. Rf8+ Kc7 25. Rf7+ Kb8 26. Rxg7 Rxe5
27. Rf1 Rf5 28. Rxg6 Kc7 1-0

[Event "?"]
[Site "ICS rated blitz match, 164.58"]
[Date "1997.??.??"]
[Round "?"]
[White "Brause"]
[Black "ryckaren"]
[Result "1/2-1/2"]
[WhiteElo "2280"]
[BlackElo "1645"]
[PlyCount "112"]

1. e4 e5 2. Nf3 Nc6 3. Nc3 Nf6 4. Nxe5 Nxe5 5. d4 Ng6 6. e5 Qe7 7. f4 d6 8. Be2
dxe5 9. fxe5 Ng4 10. O-O Qh4 11. h3 h5 12. Nb5 Kd8 13. hxg4 hxg4 14. Qd2 Be7
15. Qa5 g3 16. Qxc7+ Ke8 17. Nd6+ Kf8 18. Rxf7+ Kg8 19. Qxc8+ Rxc8 20. Rxg7+
Kxg7 21. Nf5+ Kg8 22. Nxh4 Rxh4 23. Be3 Nf4 24. Bxf4 Rxf4 25. c3 Rf2 26. Re1
Bg5 27. d5 Be3 28. Bb5 Re2+ 29. Kf1 Rxe1+ 30. Kxe1 Kf7 31. Ke2 Rc5 32. c4 Bf4
33. e6+ Ke7 34. b4 Rc8 35. c5 a6 36. Bd7 Rf8 37. Kf3 Bc7+ 38. Kg4 Rf2 39. d6+
Bxd6 40. cxd6+ Kxd6 41. Kxg3 Rxa2 42. Bc8 b5 43. Kg4 Rxg2+ 44. Kf5 Ke7 45. Bxa6
Rf2+ 46. Ke5 Re2+ 47. Kd4 Rxe6 48. Bxb5 Kd6 49. Bd3 Kc6 50. Bc4 Rd6+ 51. Ke5
Rd1 52. Ke4 Rb1 53. b5+ Kc5 54. Be2 Re1 55. Ke3 Rxe2+ 56. Kxe2 Kxb5 1/2-1/2

[Event "?"]
[Site "ICS rated blitz match, 164.58"]
[Date "1997.??.??"]
[Round "?"]
[White "Brause"]
[Black "ryckaren"]
[Result "1-0"]
[WhiteElo "2270"]
[BlackElo "1655"]
[PlyCount "32"]

1. e4 e5 2. Nf3 Nc6 3. Nc3 Nf6 4. Nxe5 Nxe5 5. d4 Ng6 6. e5 Qe7 7. Qe2 Ng8 8.
f4 d6 9. Nd5 Qd8 10. Nxc7+ Kd7 11. Nxa8 dxe5 12. Qb5+ Ke7 13. Qc5+ Qd6 14. Qxc8
Nxf4 15. Bxf4 exf4 16. O-O-O f6 1-0

[Event "?"]
[Site "ICS rated blitz match, 164.58"]
[Date "1997.??.??"]
[Round "?"]
[White "Brause"]
[Black "ryckaren"]
[Result "1-0"]
[WhiteElo "2270"]
[BlackElo "1655"]
[PlyCount "53"]

1. e4 e5 2. Nf3 Nc6 3. Nc3 Nf6 4. Nxe5 Nxe5 5. d4 Ng6 6. e5 Qe7 7. Qe2 Ng8 8.
f4 Qb4 9. Qd2 d6 10. Be2 Bd7 11. a3 Qb6 12. Nd5 Qc6 13. Bf3 Nh4 14. Nf6+ gxf6
15. Bxc6 bxc6 16. O-O fxe5 17. fxe5 O-O-O 18. Qa5 Kb8 19. exd6 Bxd6 20. Bg5 Be7
21. Bxe7 Nxe7 22. Qb4+ Ka8 23. Qxe7 Ng6 24. Qxf7 Rhf8 25. Qxh7 Rxf1+ 26. Rxf1
Nf8 27. Qe7 1-0

[Event "?"]
[Site "ICS rated blitz match, 164.58"]
[Date "1997.??.??"]
[Round "?"]
[White "Brause"]
[Black "ryckaren"]
[Result "1-0"]
[WhiteElo "2270"]
[BlackElo "1655"]
[PlyCount "20"]

1. e4 e5 2. Nf3 Nc6 3. Nc3 Nf6 4. Nxe5 Nxe5 5. d4 Ng6 6. e5 Qe7 7. Qe2 Ng8 8.
f4 f5 9. Bd2 d6 10. Nd5 Qd8 1-0

[Event "?"]
[Site "ICS rated blitz match, 164.58"]
[Date "1997.??.??"]
[Round "?"]
[White "Brause"]
[Black "ryckaren"]
[Result "1-0"]
[WhiteElo "2270"]
[BlackElo "1655"]
[PlyCount "127"]

1. e4 e5 2. Nf3 Nc6 3. Nc3 Nf6 4. Nxe5 Nxe5 5. d4 Ng6 6. e5 Ng8 7. Bc4 d5 8.
Bxd5 Be6 9. Bxb7 Rb8 10. Bc6+ Bd7 11. Bf3 Bb4 12. O-O N8e7 13. Ne2 O-O 14. c3
Ba5 15. b4 Bb6 16. Bg5 Qc8 17. c4 a5 18. c5 Ba7 19. bxa5 c6 20. Rb1 Be6 21. Qd2
Nd5 22. a4 Rb7 23. Rxb7 Qxb7 24. Nc3 Nxc3 25. Qxc3 Rb8 26. Rc1 h6 27. Be3 Ne7
28. Bd2 Bd5 29. Bxd5 Nxd5 30. Qg3 Kh7 31. Qd3+ Kh8 32. f3 Qb3 33. Qxb3 Rxb3 34.
Rc4 Ra3 35. Kf2 Kg8 36. Ke2 Kf8 37. h4 Ke7 38. g4 Ra2 39. h5 f6 40. exf6+ Kxf6
41. Kd3 Bb8 42. Bc1 Ra1 43. Ke4 Nc7 44. Bf4 Na6 45. Bxb8 Nxb8 46. Rb4 Re1+ 47.
Kd3 Re8 48. Rb6 Ke6 49. a6 Kd5 50. a7 Nd7 51. Rb7 Nxc5+ 52. dxc5 Ra8 53. Rxg7
Kxc5 54. f4 Kb4 55. g5 hxg5 56. fxg5 c5 57. h6 c4+ 58. Ke3 c3 59. g6 Kb3 60.
Rb7+ Ka2 61. g7 Rd8 62. h7 c2 63. g8=Q+ Ka3 64. Qb3# 1-0

[Event "?"]
[Site "ICS rated blitz match, 164.58"]
[Date "1997.??.??"]
[Round "?"]
[White "Brause"]
[Black "ryckaren"]
[Result "1-0"]
[WhiteElo "2270"]
[BlackElo "1655"]
[PlyCount "37"]

1. e4 e5 2. Nf3 Nc6 3. Nc3 Nf6 4. Nxe5 Nxe5 5. d4 Ng6 6. e5 Ng8 7. Bc4 d5 8.
Bxd5 Be6 9. Bxb7 Rb8 10. Bc6+ Bd7 11. Bf3 Nh4 12. Be4 Bf5 13. O-O Bxe4 14. Nxe4
Nh6 15. Bxh6 gxh6 16. Nf6+ Ke7 17. d5 Bg7 18. Qd4 Nf5 19. Qc5+ 1-0

[Event "?"]
[Site "ICS rated blitz match, 164.58"]
[Date "1997.??.??"]
[Round "?"]
[White "Brause"]
[Black "jeffsung"]
[Result "1-0"]
[WhiteElo "2275"]
[BlackElo "2725"]
[PlyCount "32"]

1. e4 e5 2. Nf3 Nc6 3. Nc3 Nf6 4. Nxe5 Nxe5 5. d4 Ng6 6. e5 Ng8 7. Bc4 Bb4 8.
Qf3 Qe7 9. O-O d6 10. Nd5 Nh4 11. Qe2 Qd7 12. Nxc7+ Kd8 13. Nxa8 Nf5 14. c3 Ba5
15. exd6 Nxd6 16. Qe5 Nxc4 1-0

[Event "?"]
[Site "ICS rated blitz match, 164.58"]
[Date "1997.??.??"]
[Round "?"]
[White "Brause"]
[Black "shelby"]
[Result "1-0"]
[WhiteElo "2280"]
[BlackElo "1800"]
[PlyCount "24"]

1. e4 e5 2. Nf3 Nc6 3. Nc3 Nf6 4. Nxe5 Nxe5 5. d4 Ng6 6. e5 Ng8 7. Bc4 Bb4 8.
Qf3 Qe7 9. O-O Bxc3 10. bxc3 d6 11. Ba3 Bd7 12. exd6 Qxd6 1-0

[Event "?"]
[Site "ICS rated blitz match, 164.58"]
[Date "1997.??.??"]
[Round "?"]
[White "Brause"]
[Black "oldtimer"]
[Result "1-0"]
[WhiteElo "2280"]
[BlackElo "2365"]
[PlyCount "117"]

1. e4 e5 2. Nf3 Nc6 3. Nc3 Nf6 4. Nxe5 Nxe5 5. d4 Ng6 6. e5 Ng8 7. Bc4 d5 8.
Bxd5 c6 9. Bb3 Bb4 10. O-O Bxc3 11. Qf3 Be6 12. bxc3 N8e7 13. Bxe6 fxe6 14. Re1
Qd5 15. Re4 Rf8 16. Qd3 b5 17. Bd2 Kf7 18. Bg5 h6 19. Bd2 Kg8 20. Qe3 Qd7 21.
Qd3 Qd5 22. Qe3 a6 23. a4 Kh7 24. h3 Qc4 25. Qe1 bxa4 26. Ra3 Nd5 27. Qa1 Nb6
28. Qe1 Rab8 29. f3 Nd5 30. Qa1 Qb5 31. Rxa4 Qb1+ 32. Re1 Qxc2 33. Ra2 Qd3 34.
Kh2 Rb6 35. Qc1 Qc4 36. Qc2 Qb3 37. Qxb3 Rxb3 38. Rxa6 Rb6 39. Ra2 Rb3 40. Ra6
Nb6 41. Rea1 Ne7 42. Ra7 Ned5 43. Rb7 Rb2 44. Raa7 Rg8 45. Be1 Nc8 46. Rxb2
Nxa7 47. c4 Ne3 48. Rb7 Nc8 49. Rc7 Nxc4 50. Rxc6 Ne3 51. Rxe6 Rd8 52. Rc6 Ne7
53. Rd6 Rxd6 54. exd6 Nc6 55. d7 Kg8 56. Ba5 Kf7 57. d8=Q Nxd8 58. Bxd8 Ke6 59.
Bb6 1-0

[Event "?"]
[Site "ICS rated blitz match, 164.58"]
[Date "1997.??.??"]
[Round "?"]
[White "Brause"]
[Black "oldtimer"]
[Result "1/2-1/2"]
[WhiteElo "2285"]
[BlackElo "2360"]
[PlyCount "51"]

1. e4 e5 2. Nf3 Nc6 3. Nc3 Nf6 4. Nxe5 Nxe5 5. d4 Ng6 6. e5 Ng8 7. Bc4 d5 8.
Bxd5 Bb4 9. Qf3 Qd7 10. Bxb7 Bxb7 11. Qxb7 Bxc3+ 12. bxc3 Rd8 13. Rb1 N8e7 14.
O-O O-O 15. Ba3 Rfe8 16. Qxa7 Nf4 17. Rb3 Qg4 18. g3 Qf3 19. gxf4 Qg4+ 20. Kh1
Qf3+ 21. Kg1 Nc6 22. Qxc7 Qg4+ 23. Kh1 Qf3+ 24. Kg1 Qg4+ 25. Kh1 Qf3+ 26. Kg1
1/2-1/2

[Event "?"]
[Site "ICS rated blitz match, 164.58"]
[Date "1997.??.??"]
[Round "?"]
[White "Brause"]
[Black "oldtimer"]
[Result "0-1"]
[WhiteElo "2285"]
[BlackElo "2360"]
[PlyCount "146"]

1. e4 e5 2. Nf3 Nc6 3. Nc3 Nf6 4. Nxe5 Nxe5 5. d4 Ng6 6. e5 Ng8 7. Bc4 d5 8.
Bxd5 c6 9. Bb3 Bb4 10. O-O Bxc3 11. Qf3 Be6 12. Qxc3 N8e7 13. Bxe6 fxe6 14. Bg5
O-O 15. Qb3 Qd7 16. c3 h6 17. Bc1 c5 18. Rd1 cxd4 19. Rxd4 Qc6 20. Rd6 Qe4 21.
Bd2 Kh7 22. Re1 Qf5 23. f3 Nd5 24. c4 Ndf4 25. Qxb7 Rab8 26. Qxa7 Rxb2 27. Rd7
Nh5 28. g4 Qxf3 29. Qe3 Qxg4+ 30. Kh1 Qf3+ 31. Qxf3 Rxf3 32. Bc1 Rxa2 33. Rd2
Rf2 34. Rxf2 Rxf2 35. Be3 Rc2 36. Rc1 Rxc1+ 37. Bxc1 Nxe5 38. c5 Nc6 39. Kg2
Kg6 40. Kf3 Kf5 41. Bb2 e5 42. Kf2 Nf4 43. Ba3 e4 44. Ke3 Nd5+ 45. Ke2 Nd4+ 46.
Kd1 e3 47. Bb2 Ke4 48. c6 Nxc6 49. Bxg7 h5 50. Bh6 Nf4 51. Bg5 Nd4 52. Bxf4
Kxf4 53. h3 Ke4 54. Ke1 Kd3 55. h4 Nf5 56. Kd1 Nd4 57. Ke1 Kc2 58. Kf1 Kd2 59.
Kg2 Ke2 60. Kg3 Ne6 61. Kg2 Nf4+ 62. Kg3 Ng6 63. Kg2 Nxh4+ 64. Kg3 Ng6 65. Kg2
h4 66. Kg1 Nf4 67. Kh2 Kf2 68. Kh1 Kg3 69. Kg1 e2 70. Kh1 Nd3 71. Kg1 h3 72.
Kh1 Nf2+ 73. Kg1 h2# 0-1

[Event "?"]
[Site "ICS rated blitz match, 164.58"]
[Date "1997.??.??"]
[Round "?"]
[White "Brause"]
[Black "athanatos"]
[Result "1-0"]
[WhiteElo "2260"]
[BlackElo "2010"]
[PlyCount "41"]

1. e4 e5 2. Nf3 Nc6 3. Nc3 Nf6 4. Nxe5 Nxe5 5. d4 Nc6 6. d5 Ne5 7. f4 Ng6 8. e5
Ng8 9. d6 cxd6 10. exd6 Qb6 11. Qe2+ Be7 12. Nb5 Nf6 13. Be3 Qa5+ 14. Bd2 Qb6
15. Nc7+ Kd8 16. Nxa8 Qxd6 17. O-O-O Nxf4 18. Qf2 N4d5 19. Qxa7 Qa6 20. Bxa6
bxa6 21. Ba5+ 1-0

[Event "?"]
[Site "ICS rated blitz match, 164.58"]
[Date "1997.??.??"]
[Round "?"]
[White "Brause"]
[Black "oldtimer"]
[Result "1-0"]
[WhiteElo "2280"]
[BlackElo "2370"]
[PlyCount "121"]

1. e4 e5 2. Nf3 Nc6 3. Nc3 Nf6 4. Nxe5 Nxe5 5. d4 Ng6 6. e5 Ng8 7. Bc4 d5 8.
Bxd5 c6 9. Bb3 Bb4 10. O-O Bxc3 11. Qf3 Be6 12. bxc3 N8e7 13. Bxe6 fxe6 14. Re1
Qd5 15. Re4 O-O-O 16. Qd3 b5 17. a4 Qc4 18. axb5 cxb5 19. Qh3 Qd5 20. Qd3 Nc6
21. Bg5 Rd7 22. Rae1 Rf8 23. Bc1 Rdf7 24. f3 Nge7 25. Qd2 Na5 26. Qg5 h6 27.
Qg4 Nc4 28. R4e2 g5 29. Re4 Qd7 30. Qh3 Nf5 31. Qg4 Rg7 32. Rd1 Qf7 33. Re2 h5
34. Qe4 Nb6 35. Qc6+ Kb8 36. Qxb5 g4 37. fxg4 Rxg4 38. Rf2 Qb7 39. Qf1 Rfg8 40.
Bf4 Qd5 41. Rdd2 Rc8 42. Rd3 Ka8 43. Qe2 Rcg8 44. Rh3 h4 45. Rd3 Qc4 46. Qe1
Nd5 47. Bd2 Rb8 48. Rdf3 Qa2 49. Bc1 Rb1 50. Qd2 Re4 51. Rf1 Re3 52. g4 Rxf3
53. Rxf3 Qb2 54. Rf1 Qxc3 55. gxf5 exf5 56. Qxc3 Nxc3 57. Kf2 a5 58. Re1 a4 59.
e6 Nd5 60. Ba3 Rb8 61. e7 1-0

[Event "?"]
[Site "ICS rated blitz match, 164.58"]
[Date "1997.??.??"]
[Round "?"]
[White "Brause"]
[Black "oldtimer"]
[Result "0-1"]
[WhiteElo "2290"]
[BlackElo "2360"]
[PlyCount "210"]

1. e4 e5 2. Nf3 Nc6 3. Nc3 Nf6 4. Nxe5 Nxe5 5. d4 Ng6 6. e5 Ng8 7. Bc4 d5 8.
Bxd5 c6 9. Bb3 Bb4 10. O-O Bxc3 11. Qf3 Be6 12. bxc3 N8e7 13. Bxe6 fxe6 14. Re1
Qd5 15. Re4 c5 16. Ba3 c4 17. Bc5 Rf8 18. Qg4 h5 19. Qe2 Rf5 20. Rc1 Kf7 21.
Qe1 Kg8 22. Qe3 Qd7 23. Qg3 Kh7 24. Bd6 Nd5 25. Ree1 Qd8 26. Rb1 b6 27. Ba3 Qg5
28. Qxg5 Rxg5 29. Bc1 Rf5 30. Bd2 Raf8 31. f3 a6 32. Rf1 b5 33. a4 Rb8 34. Rb2
Rf7 35. axb5 axb5 36. Rfb1 Rfb7 37. g3 Kg8 38. f4 Nge7 39. Ra2 Nc6 40. Kh1 g6
41. Ra6 Rb6 42. Rxb6 Rxb6 43. Kg2 Nc7 44. Ra1 Ra6 45. Rxa6 Nxa6 46. Kf3 Nc7 47.
Ke2 Nd5 48. Kd1 Nce7 49. h3 Nc8 50. Ke2 Ncb6 51. Kf2 Na4 52. Kf3 Naxc3 53. g4
Kf7 54. gxh5 gxh5 55. f5 exf5 56. Bc1 b4 57. Bb2 Na4 58. Bc1 b3 59. cxb3 cxb3
60. h4 Ke6 61. Ba3 Nb4 62. Kf4 Nc2 63. d5+ Kxd5 64. Bc1 Ke6 65. Kf3 Kxe5 66.
Bf4+ Kd5 67. Bc1 Nc3 68. Kf2 Ke4 69. Kf1 f4 70. Bb2 Kd3 71. Kg2 Nd1 72. Bh8 Ke2
73. Kh3 Kf2 74. Kh2 b2 75. Bxb2 Nxb2 76. Kh1 Ne3 77. Kh2 Nd3 78. Kh3 Kf1 79.
Kh2 Ng4+ 80. Kh3 Ne3 81. Kh2 Nf5 82. Kh3 f3 83. Kh2 Nf4 84. Kh1 Kf2 85. Kh2 Ne3
86. Kh1 Kg3 87. Kg1 Nd3 88. Kh1 Nf2+ 89. Kg1 Ne4 90. Kh1 Kxh4 91. Kg1 Kh3 92.
Kh1 Ng4 93. Kg1 Nd2 94. Kh1 Kg3 95. Kg1 h4 96. Kh1 Kf4 97. Kg1 Ke3 98. Kh1 Ke2
99. Kg1 Ne4 100. Kh1 Kd2 101. Kg1 Ke1 102. Kh1 Ke2 103. Kg1 h3 104. Kh1 Ng3+
105. Kg1 f2# 0-1

[Event "?"]
[Site "ICS rated blitz match, 164.58"]
[Date "1997.??.??"]
[Round "?"]
[White "Brause"]
[Black "oldtimer"]
[Result "1/2-1/2"]
[WhiteElo "2280"]
[BlackElo "2375"]
[PlyCount "194"]

1. e4 e5 2. Nf3 Nc6 3. Nc3 Nf6 4. Nxe5 Nxe5 5. d4 Ng6 6. e5 Ng8 7. Bc4 d5 8.
Bxd5 c6 9. Bb3 Bb4 10. O-O Bxc3 11. Qf3 Be6 12. bxc3 N8e7 13. Bxe6 fxe6 14. Re1
Qd5 15. Re4 c5 16. Ba3 c4 17. Bc5 Rf8 18. Qg4 h5 19. Qe2 Rf5 20. Rc1 Kf7 21.
Qe1 Kg8 22. f3 Raf8 23. Qe3 b6 24. Bb4 R8f7 25. Rf1 Qd7 26. Qe1 Nd5 27. Rf2 Qa4
28. a3 Qd7 29. Bd6 Kh7 30. Rf1 Qd8 31. a4 Qg5 32. Kh1 Qd8 33. Kg1 a6 34. Rf2 b5
35. axb5 axb5 36. Ba3 Qa5 37. Bb2 Qa2 38. Qc1 b4 39. cxb4 c3 40. Ba1 Ra7 41.
Rf1 Qc4 42. b5 Qxb5 43. Qe1 Qc4 44. g3 Rf8 45. Qf2 Rfa8 46. Ree1 Ra2 47. f4
Nge7 48. Rb1 Qa6 49. Rfd1 Qa4 50. Rdc1 Qc4 51. Rf1 g6 52. g4 Qc8 53. gxh5 gxh5
54. Rbc1 Qg8+ 55. Kh1 Qg6 56. f5 Qxf5 57. Qe2 Qg4 58. Qxg4 hxg4 59. Bxc3 Nxc3
60. Rf7+ Kg6 61. Rxe7 Ra1 62. Rxe6+ Kf5 63. Rf6+ Kg5 64. Rxa1 Rxa1+ 65. Kg2 Rc1
66. Rf2 Rd1 67. Rf7 Rxd4 68. e6 Re4 69. Rc7 Nd1 70. e7 Ne3+ 71. Kf2 Nf5 72. c4
Kh4 73. e8=Q Rxe8 74. c5 Ra8 75. Rh7+ Kg5 76. c6 Ra2+ 77. Ke1 Rc2 78. c7 Nd4
79. Kd1 Rc6 80. Rg7+ Kf4 81. Rf7+ Nf5 82. Kd2 Ke4 83. Rh7 Nd4 84. Re7+ Kf3 85.
Rf7+ Kg2 86. Rg7 Nf3+ 87. Ke3 Nxh2 88. Kd4 g3 89. Kd5 Rc1 90. Kd6 Kf3 91. Rxg3+
Kxg3 92. Kd7 Nf3 93. c8=Q Ne5+ 94. Kd8 Nf7+ 95. Kd7 Ne5+ 96. Kd8 Nf7+ 97. Kd7
Ne5+ 1/2-1/2

[Event "?"]
[Site "ICS rated blitz match, 164.58"]
[Date "1997.??.??"]
[Round "?"]
[White "Brause"]
[Black "oldtimer"]
[Result "0-1"]
[WhiteElo "2280"]
[BlackElo "2370"]
[PlyCount "198"]

1. e4 e5 2. Nf3 Nc6 3. Nc3 Nf6 4. Nxe5 Nxe5 5. d4 Ng6 6. e5 Ng8 7. Bc4 d5 8.
Bxd5 c6 9. Bb3 Bb4 10. O-O Bxc3 11. Qf3 Be6 12. bxc3 N8e7 13. Bxe6 fxe6 14. Re1
Qd5 15. Re4 c5 16. Ba3 c4 17. Bc5 Rf8 18. Qg4 h5 19. Qe2 Rf5 20. Rc1 Kf7 21.
Qe3 Kg8 22. g3 b6 23. Bd6 Re8 24. Qe2 Qc6 25. Re1 Nd5 26. Qd2 a5 27. h3 Qd7 28.
Rc1 Qf7 29. Ree1 Rf3 30. Rb1 Qf5 31. h4 Rxc3 32. Rec1 Rf3 33. Re1 Qg4 34. Qg5
Qxg5 35. hxg5 Nge7 36. Kg2 Rf7 37. g6 Nxg6 38. Rh1 Rf5 39. a4 Kf7 40. c3 Rh8
41. Rhc1 Ke8 42. Rc2 Kd7 43. Rh1 Kc6 44. Ba3 Rb8 45. Bd6 Rb7 46. Re1 Rbf7 47.
Rec1 h4 48. gxh4 Nxh4+ 49. Kg1 Nf3+ 50. Kf1 Ng5 51. Re1 Rf3 52. Ba3 Nh3 53. Kg2
g5 54. Bc1 g4 55. Bh6 Nxf2 56. Ree2 Nd1 57. Kg1 Rf1+ 58. Kg2 R1f3 59. Kg1 g3
60. Re1 N1e3 61. Rcc1 g2 62. Bxe3 Nxe3 63. Rxe3 Rxe3 64. Kxg2 Rff3 65. Rb1 Rg3+
66. Kf2 Ref3+ 67. Ke2 Rxc3 68. Kf2 Rgd3 69. Kf1 Rc2 70. Re1 Rdd2 71. Kg1 Rg2+
72. Kh1 Rh2+ 73. Kg1 Rcg2+ 74. Kf1 Rb2 75. Kg1 Rhd2 76. d5+ Kxd5 77. Ra1 c3 78.
Kf1 c2 79. Ke1 Rh2 80. Rc1 Rb1 81. Rxb1 cxb1=B 82. Kf1 Be4 83. Ke1 Bd3 84. Kd1
Re2 85. Kc1 Kc4 86. Kd1 Kb4 87. Kc1 Kxa4 88. Kd1 Kb3 89. Kc1 Bc4 90. Kd1 b5 91.
Kc1 b4 92. Kd1 Ka3 93. Kc1 Bb3 94. Kb1 Rc2 95. Ka1 Rc3 96. Kb1 Bc4 97. Ka1 b3
98. Kb1 Bd3+ 99. Ka1 b2# 0-1

[Event "?"]
[Site "ICS rated blitz match, 164.58"]
[Date "1997.??.??"]
[Round "?"]
[White "Brause"]
[Black "oldtimer"]
[Result "1-0"]
[WhiteElo "2275"]
[BlackElo "2380"]
[PlyCount "119"]

1. e4 e5 2. Nf3 Nc6 3. Nc3 Nf6 4. Nxe5 Nxe5 5. d4 Ng6 6. e5 Ng8 7. Bc4 d5 8.
Bxd5 c6 9. Bb3 Bb4 10. O-O Bxc3 11. Qf3 Be6 12. bxc3 N8e7 13. Bxe6 fxe6 14. Re1
Qd5 15. Re4 c5 16. Ba3 c4 17. Bc5 Rf8 18. Qg4 h5 19. Qe2 Rf5 20. Qe3 b6 21. Bd6
Kf7 22. f3 Kg8 23. Qc1 Qc6 24. Qe1 Kh7 25. g4 Rf7 26. gxh5 Nh8 27. Kg2 Nd5 28.
Qd2 Rf5 29. Ba3 Nf7 30. Rg4 Qd7 31. Bb2 Qe7 32. Kh1 Rg5 33. Re4 Nh6 34. Ba3 Qd8
35. Bb2 Nf5 36. Qe2 Rxh5 37. Rg1 b5 38. a4 a6 39. Qg2 Qe8 40. axb5 axb5 41. Qf2
Qf7 42. Rf1 Qg6 43. Rg1 Qf7 44. Rf1 Rh3 45. Rg1 Qh5 46. Reg4 Nde3 47. Bc1 Nxg4
48. fxg4 Qh4 49. Qe2 Ng3+ 50. Rxg3 Ra1 51. Rg1 Qd8 52. Qe4+ g6 53. Bd2 Rxg1+
54. Kxg1 Qf8 55. Kg2 Rh4 56. Bg5 Rh6 57. d5 Qa8 58. Qf4 Qxd5+ 59. Kg3 Qd7 60.
Bxh6 1-0

[Event "?"]
[Site "ICS rated blitz match, 164.58"]
[Date "1997.??.??"]
[Round "?"]
[White "Brause"]
[Black "oldtimer"]
[Result "0-1"]
[WhiteElo "2285"]
[BlackElo "2370"]
[PlyCount "174"]

1. e4 e5 2. Nf3 Nc6 3. Nc3 Nf6 4. Nxe5 Nxe5 5. d4 Ng6 6. e5 Ng8 7. Bc4 d5 8.
Bxd5 c6 9. Bb3 Bb4 10. O-O Bxc3 11. Qf3 Be6 12. bxc3 N8e7 13. Bxe6 fxe6 14. Re1
Qd5 15. Re4 c5 16. Ba3 c4 17. Bc5 b6 18. Bb4 Rf8 19. Qg4 Rf5 20. Rae1 Kf7 21.
Qg3 Qd7 22. Qh3 Kg8 23. g4 Rf7 24. Bd6 Nd5 25. a3 Qd8 26. Kf1 Nh4 27. R1e3
Nxe3+ 28. Qxe3 Rf3 29. Qe2 Qg5 30. Qxc4 Qc1+ 31. Re1 Qxc2 32. Qe2 Qxe2+ 33.
Kxe2 Rxc3 34. Rd1 Ng6 35. Kf1 Nf4 36. Bb4 Rc2 37. Bd2 Nd5 38. Ke1 Rf8 39. Rc1
Rfc8 40. Rxc2 Rxc2 41. h3 Ra2 42. Bc1 Nc3 43. f4 Ra1 44. Kd2 Rxc1 45. Kxc1 Ne2+
46. Kd2 Nxf4 47. h4 g6 48. Ke3 Nd5+ 49. Ke4 Kf7 50. Kd3 b5 51. Kc2 a5 52. Kb2
Ne3 53. g5 Nf5 54. Kc3 Nxh4 55. d5 exd5 56. Kd4 Ke6 57. Ke3 Kxe5 58. Kd3 d4 59.
Ke2 Ke4 60. Kd2 Nf3+ 61. Kd1 Nxg5 62. Kc1 Kd3 63. Kd1 Ne4 64. Ke1 Nc3 65. Kf2
g5 66. Kf3 h5 67. Kf2 Ne4+ 68. Kf1 Kd2 69. Kg2 Ke2 70. Kh2 Kf2 71. Kh3 Kf3 72.
Kh2 g4 73. a4 b4 74. Kg1 Nd2 75. Kh1 Kg3 76. Kg1 h4 77. Kh1 Kh3 78. Kg1 g3 79.
Kh1 Nf1 80. Kg1 Ne3 81. Kh1 b3 82. Kg1 b2 83. Kh1 b1=N 84. Kg1 Nd2 85. Kh1 d3
86. Kg1 Nf3+ 87. Kh1 g2# 0-1

[Event "?"]
[Site "ICS rated blitz match, 164.58"]
[Date "1997.??.??"]
[Round "?"]
[White "Brause"]
[Black "Granmaster"]
[Result "1-0"]
[WhiteElo "2305"]
[BlackElo "1810"]
[PlyCount "53"]

1. e4 e5 2. Nf3 Nc6 3. Nc3 Nf6 4. Nxe5 Nxe5 5. d4 Nc6 6. d5 Ne5 7. f4 Ng6 8. e5
Ng8 9. d6 cxd6 10. exd6 Nf6 11. Nb5 Bxd6 12. Nxd6+ Kf8 13. Bc4 b5 14. Bxb5 Ne4
15. Nxe4 Bb7 16. Qd6+ Kg8 17. Bd3 Qa5+ 18. Bd2 Qf5 19. Nc5 Re8+ 20. Kf2 Qd5 21.
Qxd5 Bxd5 22. Nxd7 Nh4 23. Rhg1 h5 24. c4 Ba8 25. Rae1 Rd8 26. Re7 Rh7 27. Rge1
1-0